000 01218nas a2200385 4500
001 BR0403860
003 BR-BrBNA
005 20231205104735.0
007 ta
008 230509b bl.|||p| |||| 00| 00por d
040 _aBR-BrBNA
_bpor
_cBiblioteca Nacional de Agricultura
041 _a(Pt)
072 _aQ54; L51
100 1 _aArruda, A.M.V. de
100 1 _aLopes, D.C.
100 1 _aFerreira, W.M.
100 1 _aRostagno, H.S.
100 1 _aQueiroz, A.C. de
100 1 _aPereira, E.S.
100 1 _aSilva, J.F. da
100 1 _aJham, G.N.
245 1 _aAtividade microbiana cecal e contribuição nutricional da cecotrofia em coelhos alimentados com rações contendo diferentes fontes de fibra e níveis de amido
650 _aCOELHO
650 _aEFICIÊNCIA NUTRICIONAL
650 _aMILHO
650 _aRAÇÃO BALANCEADA
650 _aCOMPOSIÇÃO DE ALIMENTO
650 _aANÁLISE MICROBIOLÓGICA
650 _aÁCIDO GRAXO VOLÁTIL
650 _aCECO
650 _aDIGESTIBILIDADE
773 0 _tRevista Brasileira de Zootecnia (Brazil)
_xISSN 1516-3598
_g(Jul-Aug 2003), v. 32(4) p. 891-902
_wBR0403860
909 _a202311
_bLúcia
_c55
_dLúcia Elande
942 _2AGRIS
_n0
_cANA
999 _c179491
_d179491